000 00962nam a2200289 a 4500
001
003 DO-SdBNP
005 20220407123928.0
008 100115s2006 dr a 000 j spa d
020 _a9789945404105
040 _aDO-SdBNP
_bspa
_cBPMSU
082 _aRD863.44
_bP379a 2006
_222
100 1 _aPeix, Pedro,
_d1952-
245 1 3 _aEl amor es el placer de la maldad :
_brelatos 1976- 2006 /
_cPedro Peix ; compilación Jimmy Hungría.
246 1 4 _aEl amor es el placer de la maldad
260 _aSanto Domingo :
_bDirección General de la Feria del Libro,
_c2006.
300 _a573 p. ;
_c23 cm.
_b
490 0 _aEdiciones Ferilibro,
_v86
500 _aIncluye datos biográficos del autor en la solapa de la cubierta
590 _aInventariado, 2022/VM
650 4 _aCuentos dominicanos
650 4 _aLiteratura dominicana.
700 1 2 _aHungría, Jimmy,
_ecomp.
830 0 _aEdiciones Ferilibro
_v86
910 _a VMateo V.
942 _2ddc
_cBK
999 _c14149
_d14149